Handbook of Corporate Social Responsibility (Record no. 43411)

MARC details
000 -LEADER
fixed length control field 00534nam a22001817a 4500
005 - DATE AND TIME OF LATEST TRANSACTION
control field 20250326141838.0
008 - FIXED-LENGTH DATA ELEMENTS--GENERAL INFORMATION
fixed length control field 250326b |||||||| |||| 00| 0 eng d
020 ## - INTERNATIONAL STANDARD BOOK NUMBER
International Standard Book Number 9781787152489
041 ## - LANGUAGE CODE
Language code of text/sound track or separate title Eng.
082 ## - DEWEY DECIMAL CLASSIFICATION NUMBER
Classification number 332.6725 PER
100 ## - MAIN ENTRY--PERSONAL NAME
Author Perelman, Miriam
245 ## - TITLE STATEMENT
Title Handbook of Corporate Social Responsibility
260 ## - PUBLICATION, DISTRIBUTION, ETC.
Place UK
Publisher Kruger Brentt Publisher
Publication Year 2024
300 ## - PHYSICAL DESCRIPTION
Extent 505;. P. 25 cm
650 ## - SUBJECT ADDED ENTRY--TOPICAL TERM
Subject Institutional Investments-Social Aspects; Social Responsibility Of Business
700 ## - ADDED ENTRY--PERSONAL NAME
Co-Author Bloch, Fritz
942 ## - ADDED ENTRY ELEMENTS (KOHA)
Koha item type Books
Holdings
Withdrawn status Lost status Source of classification or shelving scheme Damaged status Not for loan Home library Current library Shelving location Accession Date Vendor Price Bill number Full call number Barcode No Date last seen Discount Bill Date Koha item type Suggested By
    Dewey Decimal Classification     IMTN IMTN Rack 12-B 03/19/2025 Raghav Books Private Limited 9905.70 2374 332.6725 PER 33702 03/26/2025 33 02/14/2025 Books Dr. Shanthi Perumal
Designed & Maintained by: LRC IMT Nagpur Contact: lrc@imtnag.ac.in© 2024. All Rights Reserved.